000 00266nam a2200109Ia 4500
008 200302s9999 xx 000 0 und d
100 _aLa Biennale Di Venezia
245 _aLess Aesthetics More Ethics
260 _bMarsilio Editory
260 _c2000
300 _a189 P
999 _c4743
_d4743